000
00245nam a22000977a 4500
020
_a
9789945087468
100
_a
Gómez Cerda, José
_9
8583
245
0
3
_a
El arte de escribir
264
_a
Santo Domingo :
_b
Santuario,
_c
2020.
300
_a
346 páginas :
999
_c
58500
_d
58500